000 00535caa a2200181 4500
999 _c443323
_d443323
001 5143301
003 UA-OsUOA
005 20191212185253.0
008 191212b un ||||| |||| 00| 0 ukr d
040 _aUA-OsUOA
_bukr
_cUA-OsUOA
_dUA-OsUOA
041 _aukr
080 _a908
090 _a908
245 _aБорецький Іов (Іван)
300 _aС. 24
773 0 _0320805
_9339429
_dОстрог 1997
_o72202
_tОстрозька академія XVI-XVII ст.
_w(UA-OsUOA) 34382
_z966-95166-0-9
942 _2udc
_cBKA